000 00751nam a2200253 a 4500
008
020 _a039587162X (hbk.)
090 _aHF1416
_bJEA
100 1 _aJeannet, Jean-Pierre.
245 1 0 _aGlobal marketing strategies /
_cJean-Pierre Jeannet and H. David Hennessey.
250 _a4th ed.
260 _aBoston :
_bHoughton ;
_a1998.
300 _axxi, 918 p. :
_bill. ;
_c24cm.
500 _aIncludes index.
504 _aIncludes bibliographical references.
650 _aExport marketing
_xmanagement.
700 _aHennessey, H David.
907 _a.b10302906
_b06-12-11
_c26-10-11
003
005 20230123125338.0
040 _cNUST
049 _aMAIN
942 _cBOOKS
_kHF1416
_mJEA
999 _c139933
_d139933